Contagion (Record no. 335025)
[ view plain ]
| 000 -LEADER | |
|---|---|
| fixed length control field | 00470nam a2200097Ia 4500 |
| 008 - FIXED-LENGTH DATA ELEMENTS--GENERAL INFORMATION | |
| fixed length control field | 170517s9999 xx 000 0 und d |
| 245 ## - TITLE STATEMENT | |
| Title | Contagion |
| 300 ## - PHYSICAL DESCRIPTION | |
| Extent | The ghosts of men and women fill the walls of government hospitals across India. They stare silently, suspended in limbo between the living and the dead. These patients are the infected, victims of a contagion so lethal it kills... |
| 650 ## - SUBJECT ADDED ENTRY--TOPICAL TERM | |
| General subdivision | Technology. |
| 856 ## - ELECTRONIC LOCATION AND ACCESS | |
| Uniform Resource Identifier | <a href="http://topdocumentaryfilms.com/contagion/">http://topdocumentaryfilms.com/contagion/</a> |
| Withdrawn status | Lost status | Damaged status | Home library | Current library | Date acquired | Total Checkouts | Date last seen | Price effective from | Koha item type |
|---|---|---|---|---|---|---|---|---|---|
| College Library | College Library | 05/17/2017 | 05/17/2017 | 05/17/2017 | Documentary Films |